| 000 | 00620nam a22001937a 4500 | ||
|---|---|---|---|
| 003 | 0 | ||
| 005 | 20230904150939.0 | ||
| 008 | 230904b xxu||||| |||| 00| 0 eng d | ||
| 020 | _a978-621-427-142-9 | ||
| 050 |
_aHD 62.15 _b.Se47 2023 |
||
| 100 | _aSerrano, Angelita Ong Camilar | ||
| 245 |
_aTotal quality management _cAngelita Ong Camilar-Serrano |
||
| 250 | _aSecond edition | ||
| 260 |
_aManila _bUnlimited Books Library Services & Publishing Inc. _cc2023. |
||
| 300 |
_ax, 260 pages ; _c26 cm. |
||
| 500 | _aTotal quality management. | ||
| 504 | _aIncludes bibliographical references. | ||
| 942 |
_2lcc _cBK |
||
| 999 |
_c365253 _d365253 |
||